000 01103nam a2200277 a 4500
001 BRCA_8764
005 20190320210410.0
008 280317s2016----fr-a######---#000-0#fre-#
020 _a9782711863174
041 _afre
044 _afr
050 4 _aN6555.5
_b.M49 2016
245 1 0 _aMexique 1900-1950
_bDiego Rivera, Frida Kahlo, José Clemente Orozco et les avant-gardes
_ccatalogue sous la direction d´Agustín Arteaga.
260 _aParís
_bRéunion des musées nationaux- Grand Palais
_c2016
300 _a342 p.
_bil. (algunas a color)
_c30 cm.
500 _aIncluye biografía de los artistas e índice alfabético
500 _aCatálogo de la exposición realizada en the Grand Palais, Galeries Nationales (París), 5 octubre, 2016- 23 enero, 2017
504 _aBibliografía : p. 336-339
600 1 4 _aRivera, Diego
_913461
600 1 4 _aKahlo, Frida
_921824
600 1 4 _aClemente Orozco, José
_921825
650 1 4 _aArte mexicano
_vExposiciones
_ySiglo XX
_92618
650 1 4 _aModernismo (Arte)
_vExposiciones
_zMéxico
_921826
700 1 _aArteaga, Agustín
_95499
942 _2lcc
_cB
999 _c8415
_d8415